[Event "MNT-ch 75th"]
[Site "Podgorica"]
[Date "2023.02.12"]
[Round "8"]
[White "Soc, Bogdan"]
[Black "Plamenac, Aleksandar"]
[Result "0-1"]
[WhiteElo "1649"]
[BlackElo "1857"]
[PlyCount "62"]
[EventDate "2023.02.05"]
[EventType "swiss"]
[EventRounds "9"]
[EventCountry "MNE"]
[SourceTitle "CBM 212 Extra"]
[Source "ChessBase"]
[SourceDate "2023.03.31"]
[SourceVersion "1"]
[SourceVersionDate "2023.03.31"]
[SourceQuality "1"]

1. d4 Nf6 2. c4 e6 3. Nc3 d5 4. cxd5 exd5 5. Bg5 Be7 6. Qc2 a6 7. e3 Be6 8. Bd3 h6 9. Bh4 Nbd7 10. Nge2 c5 11. Nf4 Qb6 12. Nxe6 Qxe6 13. 0-0 0-0 14. Bf5 Qc6 15. Bh3 Rfe8 16. f3 b5 17. Bf2 cxd4 18. exd4 b4 19. Qa4 Qb7 20. Nd1 Bd6 21. Ne3 Nb6 22. Qc2 g6 23. Ng4 Nxg4 24. Bxg4 Nc4 25. Rfe1 Bf4 26. Qb3 a5 27. Rxe8+ Rxe8 28. Re1 Rxe1+ 29. Bxe1 Qe7 30. Bf2 Qe2 31. h4 Nd2 0-1

[Event "MNT-ch 75th"]
[Site "Podgorica"]
[Date "2023.02.10"]
[Round "6"]
[White "Vlatkovic, Milos"]
[Black "Plamenac, Aleksandar"]
[Result "1-0"]
[WhiteElo "2278"]
[BlackElo "1857"]
[PlyCount "135"]
[EventDate "2023.02.05"]
[EventType "swiss"]
[EventRounds "9"]
[EventCountry "MNE"]
[SourceTitle "CBM 212 Extra"]
[Source "ChessBase"]
[SourceDate "2023.03.31"]
[SourceVersion "1"]
[SourceVersionDate "2023.03.31"]
[SourceQuality "1"]

1. d4 Nf6 2. Nf3 e6 3. Bg5 d5 4. Nbd2 Be7 5. e3 0-0 6. Bd3 b6 7. Ne5 Bb7 8. 0-0 Nbd7 9. Bxf6 Nxf6 10. Qf3 c5 11. c3 c4 12. Bc2 b5 13. g4 g6 14. g5 Ne4 15. Nxe4 dxe4 16. Bxe4 Bxe4 17. Qxe4 Bxg5 18. a4 a6 19. axb5 axb5 20. Qc6 Qd5 21. Qxd5 exd5 22. Nc6 Rxa1 23. Rxa1 Rc8 24. Nb4 Rd8 25. Ra5 Be7 26. Nc6 Rd7 27. Rxb5 Bf8 28. Ne5 Rd6 29. Rb7 f6 30. Nd7 h6 31. Kg2 g5 32. h3 h5 33. Nc5 Rc6 34. Nd7 Rd6 35. Kg3 Bh6 36. Nc5 Bg7 37. f4 gxf4+ 38. exf4 Bh6 39. f5 Bg5 40. Kf3 Kh8 41. Ke2 Rd8 42. b3 Ra8 43. bxc4 Ra2+ 44. Kf3 Rc2 45. Na4 dxc4 46. Rb4 Rh2 47. Kg3 Rd2 48. Rxc4 Kg7 49. Nc5 h4+ 50. Kf3 Rh2 51. Ne4 Rxh3+ 52. Kg4 Rd3 53. Nxg5 Rg3+ 54. Kxh4 Rxg5 55. Rc5 Kf7 56. Rd5 Ke8 57. c4 Rg1 58. c5 Rh1+ 59. Kg3 Rc1 60. Kf3 Rc3+ 61. Ke4 Rc1 62. Rd6 Re1+ 63. Kd5 Kf7 64. c6 Rc1 65. Rd7+ Ke8 66. Kd6 Rd1 67. d5 Ra1 68. Rh7 1-0

[Event "MNT-ch 75th"]
[Site "Podgorica"]
[Date "2023.02.05"]
[Round "1"]
[White "Plamenac, Aleksandar"]
[Black "Podlesnik, Bogdan"]
[Result "0-1"]
[WhiteElo "1857"]
[BlackElo "2295"]
[PlyCount "82"]
[EventDate "2023.02.05"]
[EventType "swiss"]
[EventRounds "9"]
[EventCountry "MNE"]
[SourceTitle "CBM 212 Extra"]
[Source "ChessBase"]
[SourceDate "2023.03.31"]
[SourceVersion "1"]
[SourceVersionDate "2023.03.31"]
[SourceQuality "1"]

1. d4 Nf6 2. Nf3 e6 3. c4 c5 4. e3 cxd4 5. Nxd4 Nc6 6. Nc3 Bb4 7. Bd2 0-0 8. a3 Bc5 9. Nxc6 bxc6 10. b4 Be7 11. Be2 d5 12. 0-0 e5 13. Qc2 Be6 14. Rfd1 Rc8 15. c5 Nd7 16. f4 f5 17. Be1 Qc7 18. Ba6 Rcd8 19. Ne2 Bf6 20. fxe5 Bxe5 21. Bg3 Nf6 22. Bxe5 Qxe5 23. Qc3 Qc7 24. h3 Rde8 25. Qd4 Bd7 26. Bd3 Re5 27. Rf1 Rfe8 28. Rf3 Qd8 29. Raf1 Qe7 30. Bxf5 Bxf5 31. Rxf5 Rxe3 32. Nc3 Rg3 33. Kh2 Qc7 34. Kh1 Ree3 35. Nxd5 Rxh3+ 36. Kg1 Qh2+ 37. Kf2 cxd5 38. Rxf6 gxf6 39. Qxd5+ Kg7 40. Qd7+ Kh6 41. Qd2 Rhf3# 0-1

[Event "Bar City-ch"]
[Site "Bar"]
[Date "2021.12.17"]
[Round "7"]
[White "Plamenac, Aleksandar"]
[Black "Popovic, Zoran1111"]
[Result "1-0"]
[WhiteElo "1829"]
[BlackElo "1991"]
[PlyCount "59"]
[EventDate "2021.12.12"]
[EventType "swiss"]
[EventRounds "7"]
[EventCountry "MNE"]
[SourceTitle "CBM 205 Extra"]
[Source "ChessBase"]
[SourceDate "2022.01.31"]
[SourceVersion "1"]
[SourceVersionDate "2022.01.31"]
[SourceQuality "1"]

1. d4 d5 2. Nf3 g6 3. c4 Nf6 4. Nc3 Bg7 5. h3 dxc4 6. e4 a6 7. a4 c5 8. d5 Qb6 9. Bxc4 0-0 10. 0-0 Rd8 11. e5 Ne8 12. Qe2 Nd7 13. Bf4 Nf8 14. a5 Qc7 15. d6 exd6 16. Nd5 Qb8 17. Bg5 Ne6 18. Bxd8 Nxd8 19. exd6 Nxd6 20. Nb6 Nc6 21. Nxa8 Qxa8 22. Rad1 Nd4 23. Nxd4 cxd4 24. Bd5 Qb8 25. Rc1 Bd7 26. Qe7 Bb5 27. Rfd1 Bf8 28. Qc7 Qxc7 29. Rxc7 d3 30. Bxb7 1-0

[Event "Bar City-ch"]
[Site "Bar"]
[Date "2021.12.15"]
[Round "5"]
[White "Lekic, Pavle"]
[Black "Plamenac, Aleksandar"]
[Result "0-1"]
[WhiteElo "1646"]
[BlackElo "1829"]
[PlyCount "52"]
[EventDate "2021.12.12"]
[EventType "swiss"]
[EventRounds "7"]
[EventCountry "MNE"]
[SourceTitle "CBM 205 Extra"]
[Source "ChessBase"]
[SourceDate "2022.01.31"]
[SourceVersion "1"]
[SourceVersionDate "2022.01.31"]
[SourceQuality "1"]

1. e4 c6 2. d4 d5 3. e5 Bf5 4. h4 h6 5. g4 Bg6 6. h5 Bh7 7. e6 Qd6 8. exf7+ Kxf7 9. Nf3 Nd7 10. g5 Be4 11. Bh3 Ke8 12. c4 hxg5 13. Nbd2 Qf4 14. Bxd7+ Kxd7 15. Nxe4 Qxe4+ 16. Be3 g4 17. Ne5+ Ke8 18. Kd2 Nf6 19. cxd5 Qxd5 20. Qc2 Ne4+ 21. Kc1 Rc8 22. Qd1 c5 23. Qxg4 Kd8 24. Ng6 cxd4+ 25. Kb1 Nd2+ 26. Bxd2 Qxh1+ 0-1

[Event "MNT-ch sf"]
[Site "Podgorica"]
[Date "2018.03.16"]
[Round "2"]
[White "Plamenac, Aleksandar"]
[Black "Nenezic, Danilo"]
[Result "0-1"]
[WhiteElo "1862"]
[BlackElo "2150"]
[PlyCount "51"]
[EventDate "2018.03.15"]
[EventType "swiss"]
[EventRounds "9"]
[EventCountry "MNE"]
[SourceTitle "EXT 2019"]
[Source "ChessBase"]
[SourceDate "2018.10.10"]
[SourceVersion "1"]
[SourceVersionDate "2018.10.10"]
[SourceQuality "1"]

1. d4 Nf6 2. c4 e6 3. Nf3 Bb4+ 4. Bd2 Be7 5. Nc3 d5 6. Qc2 Nbd7 7. e4 dxe4 8. Nxe4 Nxe4 9. Qxe4 c5 10. Bc3 Nf6 11. Qc2 cxd4 12. Nxd4 0-0 13. Bd3 a6 14. 0-0-0 Qc7 15. g4 g6 16. h3 Bd7 17. Rhg1 b5 18. b3 Rfc8 19. Ne2 bxc4 20. Bxc4 Bb5 21. g5 Nd5 22. Rg4 Nb6 23. Ba5 Qc6 24. Bxb6 Qxb6 25. Rdd4 Bc5 26. Bxb5 0-1

[Event "MNT-ch sf"]
[Site "Podgorica"]
[Date "2018.03.15"]
[Round "1"]
[White "Kontic, Djordjije"]
[Black "Plamenac, Aleksandar"]
[Result "0-1"]
[WhiteElo "2297"]
[BlackElo "1862"]
[PlyCount "85"]
[EventDate "2018.03.15"]
[EventType "swiss"]
[EventRounds "9"]
[EventCountry "MNE"]
[SourceTitle "EXT 2019"]
[Source "ChessBase"]
[SourceDate "2018.10.10"]
[SourceVersion "1"]
[SourceVersionDate "2018.10.10"]
[SourceQuality "1"]

1. e4 e5 2. Nc3 Nc6 3. f4 d6 4. Bc4 Nf6 5. Nf3 Bg4 6. 0-0 Qd7 7. d3 0-0-0 8. a4 Nd4 9. Nb5 Nxf3+ 10. gxf3 Bh3 11. Nxa7+ Kb8 12. Nb5 Bxf1 13. Qxf1 c6 14. Be3 exf4 15. Bb6 d5 16. Qe1 cxb5 17. Qa5 Bd6 18. Bxb5 Qe7 19. Qa7+ Kc8 20. Ra3 d4 21. a5 Bb8 22. Qa8 Nd7 23. Ra4 Nxb6 24. axb6 Qg5+ 25. Kf1 Qxb5 26. Rc4+ Kd7 27. Qxb7+ Ke6 28. b4 Rd6 29. Qa8 Qxb6 30. e5 Kxe5 31. Qe4+ Kf6 32. Qxf4+ Ke7 33. Qg5+ Rf6 34. b5 h6 35. Qh4 g5 36. Qe4+ Re6 37. Qd5 Rd8 38. Qf5 Be5 39. h4 gxh4 40. f4 Bf6 41. Ra4 Qb7 42. Kf2 Rd7 43. Qg4 0-1

[Event "Cetinje op"]
[Site "Cetinje"]
[Date "2016.05.07"]
[Round "6"]
[White "Plamenac, Aleksandar"]
[Black "Jokic, Miodrag"]
[Result "1/2-1/2"]
[WhiteElo "1779"]
[BlackElo "2100"]
[PlyCount "99"]
[EventDate "2016.05.04"]
[EventType "swiss"]
[EventRounds "9"]
[EventCountry "MNE"]
[SourceTitle "CBM 172 Extra"]
[Source "ChessBase"]
[SourceDate "2016.06.21"]
[SourceVersion "1"]
[SourceVersionDate "2016.06.21"]
[SourceQuality "1"]

1. d4 d5 2. Nf3 Nf6 3. e3 e6 4. c4 Be7 5. Nc3 0-0 6. Bd3 c5 7. cxd5 exd5 8. b3 Bg4 9. dxc5 Bxc5 10. 0-0 Bxf3 11. Qxf3 Nc6 12. Na4 Bd6 13. Bb2 Be5 14. Rfd1 Qa5 15. Qe2 Rfe8 16. Qd2 Qc7 17. h3 a6 18. Rac1 Qe7 19. Bb1 Rad8 20. Bxe5 Nxe5 21. Nc3 Nc6 22. Ne2 Ne4 23. Bxe4 dxe4 24. Qb2 Ne5 25. Rxd8 Rxd8 26. Qc3 Nd3 27. Rc2 h5 28. Qc7 Qg5 29. Qg3 Qa5 30. Qc7 Qg5 31. Qg3 Qf6 32. Nd4 g6 33. Qc7 Qg5 34. Re2 Qd5 35. Rc2 Re8 36. Qc4 Qg5 37. Re2 Qe5 38. Rc2 h4 39. Qc7 Qg5 40. Re2 Re7 41. Qc8+ Kg7 42. Qd8 Qe5 43. Rc2 Qf6 44. Qc8 Ne5 45. Qc3 Kh7 46. Qc8 Qg5 47. Kh1 Qf6 48. Kg1 Kg7 49. Qc3 Kh7 50. Qc8 1/2-1/2

[Event "MNT-ch U18"]
[Site "Tivat"]
[Date "2011.03.30"]
[Round "9"]
[White "Zecevic, Ivan"]
[Black "Plamenac, Aleksandar"]
[Result "1/2-1/2"]
[WhiteElo "2022"]
[BlackElo "1780"]
[PlyCount "32"]
[EventDate "2011.03.26"]
[EventType "tourn"]
[EventRounds "9"]
[EventCountry "MNE"]
[SourceTitle "EXT 2020"]
[Source "ChessBase"]
[SourceDate "2019.10.17"]
[SourceVersion "1"]
[SourceVersionDate "2019.10.17"]
[SourceQuality "1"]

1. e4 c6 2. d4 d5 3. Nc3 dxe4 4. Nxe4 Bf5 5. Ng3 Bg6 6. Bc4 e6 7. N1e2 Nf6 8. Nf4 Bd6 9. h4 Bxf4 10. Bxf4 h6 11. Qd2 Nbd7 12. Bd3 Bxd3 13. Qxd3 Nd5 14. Bd2 Qc7 15. 0-0-0 0-0-0 16. c4 N5f6 1/2-1/2

[Event "MNT-ch U18"]
[Site "Tivat"]
[Date "2011.03.28"]
[Round "5"]
[White "Plamenac, Aleksandar"]
[Black "Djukanovic, Mitar"]
[Result "1-0"]
[WhiteElo "1780"]
[BlackElo "1699"]
[PlyCount "58"]
[EventDate "2011.03.26"]
[EventType "tourn"]
[EventRounds "9"]
[EventCountry "MNE"]
[SourceTitle "EXT 2020"]
[Source "ChessBase"]
[SourceDate "2019.10.17"]
[SourceVersion "1"]
[SourceVersionDate "2019.10.17"]
[SourceQuality "1"]

1. d4 g6 2. c4 Bg7 3. Nc3 d6 4. e4 e5 5. Be3 Ne7 6. Nf3 exd4 7. Bxd4 0-0 8. Bxg7 Kxg7 9. Be2 Nbc6 10. 0-0 Bd7 11. Nd4 f5 12. Bf3 Ne5 13. Be2 N5c6 14. Qd2 f4 15. Rfe1 Ne5 16. Nf3 N7c6 17. Nxe5 Nxe5 18. f3 g5 19. Nd5 h5 20. c5 Bc6 21. Qd4 Kh6 22. b4 Nd7 23. cxd6 cxd6 24. b5 Bxd5 25. Qxd5 Rf6 26. Qxb7 Nb6 27. Rac1 Rb8 28. Qc7 Qf8 29. Rc6 Na8 1-0

[Event "MNT-ch U18"]
[Site "Tivat"]
[Date "2011.03.26"]
[Round "1"]
[White "Plamenac, Aleksandar"]
[Black "Pecurica, Milos"]
[Result "0-1"]
[WhiteElo "1780"]
[BlackElo "2128"]
[PlyCount "69"]
[EventDate "2011.03.26"]
[EventType "tourn"]
[EventRounds "9"]
[EventCountry "MNE"]
[SourceTitle "EXT 2020"]
[Source "ChessBase"]
[SourceDate "2019.10.17"]
[SourceVersion "1"]
[SourceVersionDate "2019.10.17"]
[SourceQuality "1"]

1. d4 d5 2. Nf3 Nf6 3. e3 Bg4 4. c4 c6 5. Nc3 e6 6. Be2 Nbd7 7. 0-0 Bd6 8. a3 dxc4 9. Bxc4 0-0 10. e4 e5 11. Be2 Qe7 12. Qc2 Bxf3 13. Bxf3 exd4 14. Ne2 Ne5 15. Nxd4 Nxf3+ 16. Nxf3 Qxe4 17. Qb3 b5 18. Re1 Qd5 19. Qc2 Rfe8 20. Be3 Ne4 21. Rad1 Qc4 22. Qxc4 bxc4 23. Rd4 c3 24. bxc3 Bxa3 25. Ra4 Bf8 26. Rea1 Nxc3 27. Rxa7 Rac8 28. Rd7 Red8 29. Raa7 Nd5 30. Rxd8 Rxd8 31. Ra1 f6 32. Rc1 Ba3 33. Rb1 Kf7 34. Kf1 Ke6 35. Nd2 0-1